Vinnetou /
Původní supraphonské 2LP album 11 0252-1 vydané v roce 1988, bylo vydáno poprvé na CD ve zkrácené formě (SU 5091-2) - nyní vychází digitálně 1:1 i s původním obalem.
Uloženo v:
| Hlavní autor: | |
|---|---|
| Další autoři: | , , , , , , , , |
| Médium: | E-audiokniha |
| Vydáno: |
Praha :
Supraphon a.s.,
2017
|
| Tagy: |
Žádné tagy |
| LEADER | 01604nim a22003977i 4500 | ||
|---|---|---|---|
| 001 | 313261 | ||
| 007 | sr nunnnnnnned | ||
| 024 | |a 099925278021 | ||
| 044 | |a xr | ||
| 100 | 1 | |a May, Karl |4 aut | |
| 245 | 1 | 0 | |a Vinnetou / |c May, Karl |
| 264 | 1 | |a Praha : |b Supraphon a.s., |c 2017 | |
| 300 | |a 1 online zdroj (2 hod., 36 min., 58 sek.) | ||
| 336 | |a mluvené slovo |b spw |2 rdacontent | ||
| 337 | |a audio |b s |2 rdamedia | ||
| 338 | |a online zdroj |b cr |2 rdacarrier | ||
| 505 | 0 | 0 | |t 1. část (25 min., 21 sek.) |
| 505 | 0 | 0 | |t 5. část (24 min., 39 sek.) |
| 505 | 0 | 0 | |t 2. část (27 min., 35 sek.) |
| 505 | 0 | 0 | |t 3. část (26 min., 57 sek.) |
| 505 | 0 | 0 | |t 4. část (25 min., 42 sek.) |
| 505 | 0 | 0 | |t 6. část (26 min., 47 sek.) |
| 520 | 2 | |a Původní supraphonské 2LP album 11 0252-1 vydané v roce 1988, bylo vydáno poprvé na CD ve zkrácené formě (SU 5091-2) - nyní vychází digitálně 1:1 i s původním obalem. | |
| 700 | 1 | |a Švehlík, Alois |4 nrt | |
| 700 | 1 | |a Pelzer, Petr |4 nrt | |
| 700 | 1 | |a Hrušínský, Rudolf |4 nrt | |
| 700 | 1 | |a Schánilec, Jan |4 nrt | |
| 700 | 1 | |a Rösner, Boris |4 nrt | |
| 700 | 1 | |a Cupák, Eduard |4 nrt | |
| 700 | 1 | |a Moravec, Miroslav |4 nrt | |
| 700 | 1 | |a Kostka, Petr |4 nrt | |
| 700 | 1 | |a Brzobohatý, Radoslav |4 nrt | |
| 910 | |a RBIT002 | ||
| 998 | |d 401598 |a https://core.palmknihy.cz/api/books/401598/cover?sgpu9u |b https://core.palmknihy.cz/api/books/401598/cover/400?sgpu9u |c https://core.palmknihy.cz/api/books/401598/cover/50?sgpu9u |e 2099-01-01 |i 099925278021 |l 9418 |q 49 |r 1 |s https://www.palmknihy.cz/kniha/401598 |t audiobook |y 2017 |z 1 | ||
| 999 | |d 313259 | ||